01732nac a22003491i 4500003000900000005001700009008004100026040004300067041001300110082002000123100002800143240009300171245014000264264005600404264001000460300004400470336002600514337002800540338002700568500008700595500026400682500002400946504005200970546007001022650004201092650003301134655001701167700004101184942001201225999001501237952013001252EG-ScBUE20250526095509.0250415t1967 n a f b 001 0 eng d aEG-ScBUEbengerdacEG-ScBUEdEG-ScBUE1 aenghrus04a530.15bGUN2221 aGunter, N. M.,eauthor.1 aTeoriya potentsiala i ee primenenie k osnovnym zadacham matematicheskio fiziki.lEnglish10aPotential theory, and its applications to basic problems of mathematical physics /cN. M. Gunter ; translated by John R. Schulenberger. 1aNew York :bFrederick Ungar Publishing Co.,c[1967] 4cc1967 axi, 338 pages :billustrations ;c25 cm 2rdacontentatextbtxt aunmediated2rdamediabn avolumebnc2rdacarrier a"A short biography [of the author, by V.I. Smirnov and S.L. Sobolev]": p. 327-336. aTranslation of [Teoriiï¸ a︡ potentï¸ s︡iala i ee primenenie k osnovnym zadacham matematicheskoĭ fiziki], a translation of La theÌ?orie du potentiel et ses applications aux probleÌ€mes fondamentaux de la physique matheÌ?matique. aIncludes appendix.  aIncludes bibliographical references and index.  aText in English ; translated from the original Russian language.  7aPotential theory (Mathematics)2BUEsh 7aMathematical physics.2BUEsh vReading book1 aSchulenberger, John R.,etranslator. cBB2ddc c7645d7645 00102ddc40708BaccahaMAINbMAINc1STd2008-02-03ePurchasel0o530.15 GUNp000009110r2025-07-15 00:00:00w2008-02-03yBB